| 000 | 01459cam a2200289 a 4500 | ||
|---|---|---|---|
| 001 | BD-DhSAU #14680 | ||
| 003 | BD-DhSAU | ||
| 005 | 20190519145832.0 | ||
| 008 | 891020s2009 bg a rb f100 0 eng | ||
| 020 | _a9843000002860 | ||
| 040 | _aBD-DhSAU | ||
| 082 | 0 | 0 |
_a030 _222 _bB2246 |
| 110 | _aবাংলাদেশ এশিয়াটিক সোসা্ইটি | ||
| 245 | 1 | 0 |
_aবাংলাদেশ উদ্ভিদ প্রাণী জ্ঞানকোষ : _b আর্র্থ্রেোপোডা : ইনসেপ্টা-4 খন্ড : 22 / |
| 260 |
_aঢাকা : _bবাংলাদেশ এশিয়াটিক সোসা্ইটি, _cc2009. |
||
| 300 |
_axxxx , 426 p.; _bill. : _c25 cm. |
||
| 440 |
_vখন্ড : 22 _aআর্র্থ্রেোপোডা: ইনসেপ্টা-4 |
||
| 504 | _aনির্ঘন্ট ও গ্রন্থপজ্ঞি সম্বলিত । | ||
| 590 | _aকামিম | ||
| 650 | 0 | _a জ্ঞানকোষ- উদ্ভিদ বিজ্ঞান-বাংলাদেশ | |
| 650 | 0 | _a জ্ঞানকোষ- প্রাণী বিজ্ঞান -বাংলাদেশ । | |
| 650 | 0 | _a ইনসেপ্টা | |
| 700 | _aআহমেদ, জিয়া উদ্দিন | ||
| 700 | _aআহমাদ, মোনাওয়ার | ||
| 700 | _aহাসান , মো: আবুল | ||
| 942 |
_2ddc _cBOOK |
||
| 999 |
_c14680 _d14679 |
||